[Event "Senta-ch"]
[Site "Senta"]
[Date "2014.02.15"]
[Round "9"]
[White "Racz, Bela"]
[Black "Kecskemeti, Arpad"]
[Result "1-0"]
[WhiteElo "1859"]
[BlackElo "1976"]
[PlyCount "67"]
[EventDate "2014.01.24"]
[EventType "swiss"]
[EventRounds "9"]
[EventCountry "SRB"]
[SourceTitle "EXT 2016"]
[Source "ChessBase"]
[SourceDate "2015.10.08"]
[SourceVersion "1"]
[SourceVersionDate "2015.10.08"]
[SourceQuality "1"]

1. d4 Nf6 2. Nf3 g6 3. c4 Bg7 4. Nc3 d6 5. e3 0-0 6. Be2 Nbd7 7. 0-0 c6 8. Qc2 e5 9. e4 Qe7 10. d5 c5 11. Ne1 Ne8 12. Bg4 f5 13. exf5 Nb6 14. f6 Nxf6 15. Bxc8 Raxc8 16. Ne4 Nh5 17. Nf3 h6 18. Bd2 Nf4 19. Rae1 g5 20. Bxf4 Rxf4 21. Qd3 Rcf8 22. Nfd2 g4 23. f3 gxf3 24. Rxf3 Nd7 25. Ref1 R8f7 26. Qe3 Rxf3 27. Rxf3 Nf6 28. Rg3 Nh5 29. Rf3 Nf6 30. h3 Bf8 31. Ng3 Qd7 32. Qf2 Nh7 33. Nde4 Ng5 34. Nf6+ 1-0